|
|
|
|
| LEADER |
00000naa2a2200000 4500 |
| 001 |
92975 |
| 005 |
20231031104943.0 |
| 035 |
|
|
|a (RuTPU)RU\TPU\book\99583
|
| 090 |
|
|
|a 92975
|
| 100 |
|
|
|a 20060323d2005 k y0rusy50 ca
|
| 101 |
0 |
|
|a rus
|
| 102 |
|
|
|a RU
|
| 200 |
1 |
|
|a Особенности трудовой адаптации молодых специалистов
|f К. О. Чекушкина
|
| 320 |
|
|
|a Библиогр.: 3 назв.
|
| 463 |
|
0 |
|0 (RuTPU)RU\TPU\book\95664
|t Актуальные проблемы социальной философии
|o сборник трудов I Всероссийской научно-практической конференции, Томск, 25-26 октября 2005 г.
|h вып. 3
|f Томский политехнический университет; гл. ред. А. А. Корниенко
|v С. 191-193
|d 2005
|p 213 с.
|
| 610 |
1 |
|
|a молодые специалисты
|
| 610 |
1 |
|
|a адаптация
|
| 610 |
1 |
|
|a трудовая адаптация
|
| 610 |
1 |
|
|a труды учёных ТПУ
|
| 700 |
|
1 |
|a Чекушкина
|b К. О.
|
| 801 |
|
1 |
|a RU
|b 63413507
|c 20060323
|g PSBO
|
| 801 |
|
2 |
|a RU
|b 63413507
|c 20110113
|g RCR
|
| 942 |
|
|
|c BK
|